| 000 | 00354nam a22001217a 4500 | ||
|---|---|---|---|
| 082 |
_a297.2 _bARF _cM |
||
| 100 |
_aArfi, Hazrat Mulana Dr Muhammad Abdul Hai _951098 |
||
| 245 | _aخواتین کیلئے شرعی احکام | ||
| 260 |
_aKarachi, _bDarul Ishat, _c2000. |
||
| 300 | _a482p. | ||
| 526 |
_a0 _b0 _c0 _d297_200000000000000_ARF |
||
| 942 |
_2ddc _cBK |
||
| 999 |
_c553849 _d553849 |
||